Online Public Access Catalogue

Nursing Research: (Record no. 11902)

MARC details
000 -LEADER
fixed length control field 00589nam a22001697a 4500
020 ## - INTERNATIONAL STANDARD BOOK NUMBER
International Standard Book Number 9781605477084
082 ## - DEWEY DECIMAL CLASSIFICATION NUMBER
Classification number 610.73072
Author Mark POL
100 ## - MAIN ENTRY--PERSONAL NAME
Author Name Polit, Denise F.
100 ## - MAIN ENTRY--PERSONAL NAME
Author Name Beck, Cheryl Tatano
245 ## - TITLE STATEMENT
Title Nursing Research:
Subtitle Generating and Assessing Evidence for Nursing Practice
250 ## - EDITION STATEMENT
Edition statement 9th
260 ## - PUBLICATION, DISTRIBUTION, ETC.
Place of publication, distribution, etc. New York London
Name of publisher, distributor, etc. Wolters Kluwer
Date of publication, distribution, etc. 2012
300 ## - PHYSICAL DESCRIPTION
No of Pages xiv, 802p.
Dimensions 28
504 ## - BIBLIOGRAPHY, ETC. NOTE
Bibliography, Index, etc. note include: index, Appendix, Glossary, Methodologic and Non Research Reference
650 ## - SUBJECT ADDED ENTRY--TOPICAL TERM
Subject Nursing
Keywords Nursing Research
-- Methods
-- Quantitative Research Design
-- IMDC
942 ## - ADDED ENTRY ELEMENTS (KOHA)
Source of classification or shelving scheme
Koha item type Books
Holdings
Item status Home library Current library Shelving location Date acquired Source of acquisition Cost, normal purchase price Total Checkouts Total Renewals Full call number Barcode Date last seen Date last checked out Koha item type
  Islamabad Medical and Dental College Islamabad Medical and Dental College Islamabad Medical and Dental College 18/08/2020 Prince Book 2250.00 3 1 610.73072 POL 10999 14/04/2026 15/01/2026 Books

Copyright @ IMDC Library
Islamabad Medical and Dental College
Bhara Kahu, Islamabad

  Contact the Librarian, IMDC
  Email:: library@imdcollege.edu.pk

  OPAC Customized by
  Mazhar Hussain,
  Librarian:
  Islamabad Medical and Dental College
  Email:: library@imdcollege.edu.pk